000 00811nam a2200253Ia 4500
003 OSt
005 20221005092628.0
006 a|||||r|||| 00| 0
007 ta
008 221004b |||||||| |||| 00| 0 eng d
020 _a9781442225763 (hbk)
_c5256.30
024 _a15092
037 _b41679, 26/08/2014, Segment Book Distributors
_cTextual
040 _aCRL
_cCRL
_beng
041 _2eng
_aeng
082 _aY15:3(X:77), Q4
100 _aEverett Jana
_9617603
245 0 _aWomen navigating globalization
_b Feminist approaches to development
260 _aNew York
_bRowman & Litlefield U.S.A
_c2014
300 _a212p.
_ccm.
650 _aSOCIOLOGY
942 _hY15:3(X:77), Q4
_cTEXL
_2cc
999 _c999123
_d999123